000
00280nam a2200097Ia 4500
008
220204s9999 xx 000 0 und d
082
_a
633.73(035)
_b
COF
245
0
_a
Coffee guide: Coffee research (1925-1985) diamond jubilee
260
_a
Karnataka
_b
Coffee Board
_c
1985
942
_c
BK
999
_c
43989
_d
43989